| 000 | 00522nam a2200205Ia 4500 | ||
|---|---|---|---|
| 005 | 20250130142100.0 | ||
| 008 | 240825s9999 xx 000 0 und d | ||
| 020 |
_a9789355270641 _qpbk |
||
| 041 | _aEng | ||
| 082 |
_a515.42 _bFIS |
||
| 100 | _aFisher, Irving | ||
| 245 | 2 |
_a Brief Introduction to The infinitesimal Calculas _cFisher, Irving |
|
| 250 | _a1st ed | ||
| 260 |
_bMaven _c2022 _aChennai |
||
| 300 | _a84 | ||
| 650 | _aMathematics | ||
| 650 | _aCalculus | ||
| 700 | _aFisher, Irving | ||
| 942 | _cENGLISH | ||
| 999 |
_c549735 _d549735 |
||